| 000 | 00367nam a22001577a 4500 | ||
|---|---|---|---|
| 008 | 220628b ||||| |||| 00| 0 eng d | ||
| 020 | _a9789388754088 | ||
| 082 |
_a823.914 _bAMR |
||
| 100 | _aAmish | ||
| 245 |
_aRaavan _b: Enemy of Aryavarta _cBy Amish |
||
| 260 |
_aIndia _bWestland _c2019 |
||
| 300 | _a374p. | ||
| 650 | _aENGLISH | ||
| 942 | _cBK | ||
| 999 |
_c44883 _d44883 |
||
| 041 | _aeng | ||